00490cam a2200145 a 4500020002800000082001500028100002400043245007100067260004800138526003700186650000800223650003200231700002000263856006100283 a047196493X (alk. paper)00a625.1bBEL1 aBell, Michael G. H.10aTransportation network analysiscMichael G.H. Bell, Yasunori Iida. aChichester ;aNew York :bJ. Wiley,cc1997. a0b0c0d625_100000000000000_BEL 0aMCE 0aTransportation engineering.1 aIida, Yasunori.40uhttp://www.columbia.edu/cgi-bin/cul/resolve?clio10750313